[Event "Doeberl Cup Major 47th"]
[Site "Canberra"]
[Date "2009.04.12"]
[Round "5"]
[White "Wan, Kinto"]
[Black "Ryan, Reg"]
[Result "1-0"]
[WhiteElo "1402"]
[BlackElo "1639"]
[PlyCount "107"]
[EventDate "2009.04.10"]
[EventType "swiss"]
[EventRounds "6"]
[EventCountry "AUS"]
[SourceTitle "CBM 129 Extra"]
[Source "ChessBase"]
[SourceDate "2009.05.05"]
[SourceVersion "2"]
[SourceVersionDate "2009.05.20"]
[SourceQuality "1"]

1. e4 d6 2. d4 Nf6 3. Bd3 g6 4. Bg5 Bg7 5. h3 0-0 6. Qd2 Re8 7. Bh6 Bh8 8. c3 c5 9. d5 b5 10. Bxb5 Bd7 11. Bd3 e6 12. dxe6 Rxe6 13. Qc2 c4 14. Bxc4 Rxe4+ 15. Be2 Qe8 16. Be3 Nd5 17. Nd2 Re6 18. Nf1 Nc6 19. Bc4 Nxe3 20. Nxe3 Re5 21. Nf3 Rxe3+ 22. fxe3 Qxe3+ 23. Qe2 Qc5 24. 0-0-0 Re8 25. Qf1 Be6 26. Re1 Be5 27. Bxe6 fxe6 28. Nxe5 Nxe5 29. Qe2 Nc4 30. Rhf1 Qg5+ 31. Kc2 Ne5 32. Qf2 Qf5+ 33. Qxf5 gxf5 34. b3 h5 35. Rd1 d5 36. Rfe1 Nc6 37. Rxd5 Kf7 38. Rd7+ Kf6 39. Rc7 Ne7 40. Rxa7 f4 41. Ra5 Nf5 42. Kb2 e5 43. b4 Ne3 44. Ra6+ Kf5 45. g3 Nc4+ 46. Kb3 Nd2+ 47. Kc2 Nf3 48. Rf1 Ke4 49. gxf4 exf4 50. Rh6 Re5 51. a4 Rg5 52. Re6+ Ne5 53. Re1+ Kd5 54. R6xe5+ 1-0

[Event "Doeberl Cup Major 47th"]
[Site "Canberra"]
[Date "2009.04.10"]
[Round "1"]
[White "Cloudsdale, Colin"]
[Black "Ryan, Reg"]
[Result "1-0"]
[WhiteElo "1932"]
[BlackElo "1639"]
[PlyCount "93"]
[EventDate "2009.04.10"]
[EventType "swiss"]
[EventRounds "6"]
[EventCountry "AUS"]
[SourceTitle "CBM 129 Extra"]
[Source "ChessBase"]
[SourceDate "2009.05.05"]
[SourceVersion "2"]
[SourceVersionDate "2009.05.20"]
[SourceQuality "1"]

1. e4 d6 2. d4 Nf6 3. Nc3 g6 4. g3 Bg7 5. Bg2 0-0 6. h3 Na6 7. Be3 c5 8. d5 Rb8 9. Qd2 b5 10. Bh6 b4 11. Nd1 Bd7 12. c4 bxc3 13. bxc3 Qa5 14. Bxg7 Kxg7 15. Ne2 Rb7 16. 0-0 Rfb8 17. f4 Ba4 18. e5 Ne8 19. f5 dxe5 20. fxg6 hxg6 21. Ne3 Nd6 22. Ng4 Rh8 23. Nxe5 f6 24. Nc6 Qb6 25. Nf4 Bxc6 26. dxc6 Rbb8 27. Kh2 Nc7 28. Rae1 Rhe8 29. Qd3 f5 30. Ne6+ Nxe6 31. Rxe6 Rbd8 32. Qe3 Nf7 33. c4 Qb2 34. Rf2 Qd4 35. Qf4 Rd6 36. Rfe2 Rxe6 37. Rxe6 Qxf4 38. gxf4 Nd6 39. Bd5 Nc8 40. Kg3 Rf8 41. c7 Rf6 42. Rxf6 Kxf6 43. Bb7 Nd6 44. c8Q Nxc8 45. Bxc8 e5 46. h4 a5 47. Bd7 1-0